000 00558nam a2200169Ia 4500
008 090201s9999 xx 000 0 und d
010 _aKPL-51553
040 _bमराठी
041 _aमराठी
082 _a17205
_b51553
100 _aअनिल गुजर
245 _aअशाच एका काळरात्री
_cअनिल गुजर
260 _c2004
_bनिशिगंधा प्रकाशन
300 _a168
_bमोठा
600 _aअशाच एका काळरात्री
942 _cBOOK
999 _c217149
_d217149